Carregant...
Gandhism Communism/
| Autor principal: | |
|---|---|
| Format: | Printed Book |
| Publicat: |
Kottayam:
Current books,
1987.
|
| LEADER | 00445nam a22001337a 4500 | ||
|---|---|---|---|
| 020 | |a 8124000271 | ||
| 082 | |a 320.55 DEE/G | ||
| 100 | |a Deekshith,Gopinath | ||
| 245 | |a Gandhism Communism/ |c Gopinath Deekshith | ||
| 260 | |a Kottayam: |b Current books, |c 1987. | ||
| 300 | |a 298p. | ||
| 942 | |c BK | ||
| 999 | |c 257940 |d 257940 | ||
| 952 | |0 0 |1 0 |4 0 |6 320_550000000000000_DEE_G |7 0 |9 287166 |a RUS |b RUS |c ST1 |d 2012-05-28 |i 4215M |l 0 |o 320.55 DEE/G |p RUS4215M |r 2014-02-14 |w 2014-02-14 |y BK | ||